000 00582nam a2200205 i 4500
001 87606
003 ES-MaACL
005 20230906175713.0
007 t|
008 041222s1910 fr ||||1| fre d
100 1 _aLabbé, Marcel.
_969227
245 1 0 _aRégimes alimentaires /
_cpar Marcel Labbé.
260 _aParis :
_bJ.B. Baillière,
_c1910.
300 _aXII, 585 p. ;
_c20 cm.
490 1 _aBibliothèque de thérapeutique
650 4 _aDietas.
_9165430
830 0 _aBibliothèque de thérapeutique
_9181857
852 _aES-MaACL
_jB-11916
999 _c87606
_d87606